[Event "Druzynowe Mistrzostwa Polski II Liga"]
[Site "Szklarska Poreba"]
[Date "1899-12-30"]
[Round "4.76"]
[White "Mazalon, Mariusz"]
[Black "Kastelik, Adrian"]
[Result "1/2-1/2"]
[WhiteTitle "k"]
[BlackTitle "I++"]
[WhiteElo "2066"]
[BlackElo "2168"]

1. d4 d5 2. c4 c6 3. Nf3 Nf6 4. e3 Bf5 5. Nc3 e6 6. Qb3 Qb6 7. c5 Qc7 8. Nh4 Bg6
9. g3 Nbd7 10. Bg2 b6 11. cxb6 axb6 12. Nxg6 hxg6 13. O-O Bd6 14. f4 b5 15. e4
dxe4 16. Nxe4 Nxe4 17. Bxe4 Nf6 18. Bf3 Ra4 19. Be3 Nd5 20. Bf2 O-O 21. Rac1 Rfa8
22. a3 Qd7 23. Rc2 b4 24. Rc4 R4a6 25. axb4 Rb8 26. Rfc1 Nxb4 27. Qd1 Be7 28.
Qe2 Rab6 29. Kg2 Bf6 30. h4 Nd5 31. R1c2 Bxh4 32. Qd1 Bf6 33. Qc1 Nb4 34. Rd2
Qb7 35. Qd1 Qa6 36. Qf1 Nd5 37. Qc1 g5 38. Rdc2 gxf4 39. Rxc6 Rxc6 40. Rxc6 Qd3
41. Bxd5 exd5 42. Rc8+ Rxc8 43. Qxc8+ Kh7 44. Qh3+ Kg8 45. Qc8+ Kh7 46. Qh3+ Kg6
47. Qg4+ Kh7 1/2-1/2

[Event "Druzynowe Mistrzostwa Polski II Liga"]
[Site "Szklarska Poreba"]
[Date "1899-12-30"]
[Round "4.77"]
[White "Wielek, Thomas"]
[Black "Skowronski, Piotr"]
[Result "1-0"]
[WhiteTitle "I"]
[BlackTitle "I+"]
[WhiteElo "1803"]
[BlackElo "2064"]

1. e4 d6 2. d4 Nf6 3. Nc3 g6 4. Bc4 a6 5. Qe2 b5 6. e5 bxc4 7. exf6 e6 8. Nf3 d5
9. O-O c6 10. Bf4 Nd7 11. Ne5 Nxe5 12. Qxe5 h6 13. h4 Rg8 14. Bg3 Qa5 15. Ne4
Bb7 16. Nc5 Bxc5 17. dxc5 Rd8 18. b4 cxb3 19. axb3 Qxc5 20. Qc7 Bc8 21. Ra5 Qf8
22. Rfa1 1-0

[Event "Druzynowe Mistrzostwa Polski II Liga"]
[Site "Szklarska Poreba"]
[Date "1899-12-30"]
[Round "4.78"]
[White "Mackiewicz, Anna"]
[Black "Binkowska, Agata"]
[Result "1/2-1/2"]
[WhiteTitle "k+"]
[BlackTitle "I++"]
[WhiteElo "1945"]
[BlackElo "1822"]

1. e4 c5 2. Nf3 e6 3. d4 cxd4 4. Nxd4 a6 5. Bd3 Qc7 6. O-O Nc6 7. Nxc6 dxc6 8.
Kh1 Nf6 9. f4 h5 10. a3 Bc5 11. Qe2 Ng4 12. h3 Qb6 13. b4 Bf2 14. c4 Bg3 15. c5
Qd8 16. Be3 Qh4 17. Nc3 Nh2 18. Rfd1 e5 19. f5 Ng4 20. Rf1 Nh2 21. Rfd1 Ng4 22.
Rf1 Nh2 23. Rfd1 Ng4 24. Qd2 1/2-1/2

[Event "Druzynowe Mistrzostwa Polski II Liga"]
[Site "Szklarska Poreba"]
[Date "1899-12-30"]
[Round "4.79"]
[White "Stysiak, Szymon"]
[Black "Voloshin, Leonid"]
[Result "0-1"]
[WhiteTitle "k"]
[BlackTitle "GM"]
[WhiteElo "2191"]
[BlackElo "2345"]

1. d4 Nf6 2. c4 e6 3. Nf3 b6 4. g3 Bb7 5. Bg2 Be7 6. O-O O-O 7. Nc3 Ne4 8. Qc2
Nxc3 9. Qxc3 c5 10. e3 Be4 11. Rd1 Qc7 12. Ne5 Bxg2 13. Kxg2 d6 14. Nf3 cxd4 15.
exd4 Rc8 16. b3 b5 17. Bf4 bxc4 18. Rac1 Nd7 19. bxc4 Nb6 20. Nd2 Nd5 21. Qf3
Nxf4+ 22. Qxf4 Qa5 23. Rc2 Rc7 24. Ne4 d5 25. Nd6 Bxd6 26. Qxd6 Rxc4 27. Rxc4
dxc4 28. d5 Rd8 29. dxe6 Rxd6 30. e7 Qe5 0-1

[Event "Druzynowe Mistrzostwa Polski II Liga"]
[Site "Szklarska Poreba"]
[Date "1899-12-30"]
[Round "4.80"]
[White "Pajak, Jakub"]
[Black "Kaminski, Piotr"]
[Result "1/2-1/2"]
[WhiteTitle "I++"]
[BlackTitle "k"]
[WhiteElo "1922"]
[BlackElo "2129"]

1. e4 d6 2. d4 g6 3. Nc3 Bg7 4. Be3 Nd7 5. Qd2 c5 6. Bb5 cxd4 7. Bxd4 Ngf6 8. e5
dxe5 9. Bxe5 a6 10. Bxd7+ Qxd7 11. Qxd7+ Bxd7 12. O-O-O Bc6 13. f3 O-O 14. Nge2
Rfd8 15. Rxd8+ Rxd8 16. Rd1 Bh6+ 17. Bf4 Rxd1+ 18. Kxd1 Bf8 19. Nd4 Nd5 20. Bd2
Nxc3+ 21. Bxc3 Bd5 22. b3 e5 23. Ne2 Bd6 24. Kd2 f5 25. Bb2 Kf7 26. c4 Bc6 27.
Bc3 Ke6 28. Kd3 f4 29. Be1 Kf5 30. Nc3 Bb4 31. Ke2 g5 32. h3 h5 33. Bd2 g4 34.
hxg4+ hxg4 35. Be1 Bc5 36. Bd2 Bd4 37. Be1 e4 38. Nxe4 Bxe4 39. fxe4+ Kxe4 40.
b4 f3+ 41. gxf3+ gxf3+ 42. Kf1 Kd3 43. b5 Kxc4 44. bxa6 bxa6 45. Bf2 a5 46. Bxd4
Kxd4 47. Kf2 Ke4 48. a4 Kf4 49. Kf1 Ke3 50. Ke1 Kd3 51. Kf2 Kc4 52. Kxf3 Kb4 53.
Ke2 Kxa4 54. Kd1 Kb3 55. Kc1 Ka2 56. Kc2 a4 57. Kc1 a3 58. Kc2 Ka1 59. Kc1 1/2-1/2

[Event "Druzynowe Mistrzostwa Polski II Liga"]
[Site "Szklarska Poreba"]
[Date "1899-12-30"]
[Round "4.81"]
[White "Knopik, Krzysztof"]
[Black "Sielicki, Tomasz"]
[Result "1/2-1/2"]
[WhiteTitle "k"]
[BlackTitle "I++"]
[WhiteElo "2098"]
[BlackElo "1968"]

1. e4 e5 2. Nf3 Nc6 3. Bc4 Bc5 4. d3 Nf6 5. Nc3 d6 6. h3 a6 7. Be3 Bxe3 8. fxe3
Na5 9. Bb3 Nxb3 10. axb3 O-O 11. O-O c6 12. Qe1 Be6 13. Qg3 Nh5 14. Qh2 g6 15.
d4 f6 16. Rf2 Qe7 17. Rd1 Rad8 18. Rfd2 Bc8 19. Kh1 Kh8 20. Ng1 Ng7 21. Qg3 Rde8
22. Nf3 Qf7 23. Qh4 h5 24. dxe5 dxe5 25. Na4 g5 26. Qf2 Qg6 27. Nc5 h4 28. Nd7
Rf7 29. Nb6 Be6 30. Nc4 Bxc4 31. bxc4 Nh5 32. Rd8 Rxd8 33. Rxd8+ Kg7 34. Qd2 Ng3+
35. Kg1 Qxe4 36. b3 Qf5 37. Qd1 Qe4 38. Qd2 Nf5 39. Kf2 Ng3 40. Kg1 Qf5 41. Qd1
Qe4 42. Qd2 Nf5 43. Kf2 Ng3 44. Kg1 1/2-1/2

[Event "Druzynowe Mistrzostwa Polski II Liga"]
[Site "Szklarska Poreba"]
[Date "1899-12-30"]
[Round "4.82"]
[White "Koziol, Pawel"]
[Black "Zawierucha, Aleksander"]
[Result "1/2-1/2"]
[WhiteTitle "I++"]
[BlackTitle "k"]
[WhiteElo "1910"]
[BlackElo "1907"]

1. Nf3 d5 2. g3 Nf6 3. Bg2 e6 4. O-O Bd6 5. d3 b6 6. Nbd2 Bb7 7. Re1 Be7 8. e4
dxe4 9. Ng5 O-O 10. Ndxe4 Nxe4 11. Nxe4 Nd7 12. Be3 Rc8 13. a4 a5 14. Qh5 Bxe4
15. dxe4 Bc5 16. Rad1 Bxe3 17. Rxe3 Qe7 18. b3 Nc5 19. e5 Rfd8 20. Ree1 Rxd1 21.
Rxd1 Rd8 22. Qf3 g5 23. h3 h6 24. Rxd8+ Qxd8 25. Qa8 Qxa8 26. Bxa8 Kg7 27. f4
gxf4 28. gxf4 f6 29. exf6+ Kxf6 30. Kf2 e5 31. fxe5+ Kxe5 1/2-1/2

[Event "Druzynowe Mistrzostwa Polski II Liga"]
[Site "Szklarska Poreba"]
[Date "1899-12-30"]
[Round "4.83"]
[White "Ociepka, Tomasz"]
[Black "Szymczak, Rafal"]
[Result "1/2-1/2"]
[WhiteTitle "I+"]
[BlackTitle "k"]
[WhiteElo "1899"]
[BlackElo "1956"]

1. e4 c6 2. c4 d5 3. cxd5 cxd5 4. exd5 Qxd5 5. Nc3 Qd8 6. d4 e6 7. Nf3 Nf6 8. Bg5
Be7 9. Ne5 O-O 10. Be2 Nc6 11. Nxc6 bxc6 12. O-O c5 13. dxc5 Qxd1 14. Rfxd1 Bxc5
15. Bf3 Rb8 16. Na4 Be7 17. Rac1 Bb7 18. Bxb7 Rxb7 19. Rc2 Nd5 20. Bxe7 Rxe7 21.
a3 g6 22. g3 Kg7 23. Nc5 a5 24. Ne4 Rb7 25. Rdd2 Rfb8 26. Nd6 Rb6 27. Nc4 Rb5
28. Nd6 R5b6 29. Nc4 Rb5 30. Nd6 R5b6 31. Nc4 1/2-1/2

[Event "Druzynowe Mistrzostwa Polski II Liga"]
[Site "Szklarska Poreba"]
[Date "1899-12-30"]
[Round "4.84"]
[White "Baranska, Monika"]
[Black "Gonsior, Monika"]
[Result "0-1"]
[WhiteTitle "I++"]
[BlackTitle "m"]
[WhiteElo "1735"]
[BlackElo "1974"]

1. d4 e6 2. c4 b6 3. a3 Bb7 4. d5 exd5 5. cxd5 Nf6 6. Nc3 Bc5 7. Nf3 O-O 8. e3
a5 9. Rb1 Qe7 10. Bc4 Ne4 11. Qc2 Nxc3 12. Qxc3 Qe4 13. Bd3 Qxd5 14. b4 axb4 15.
axb4 Be7 16. O-O Rc8 17. e4 Qc6 18. Qe5 Qd6 19. Qc3 c5 20. Bb2 Qh6 21. b5 d6 22.
Rbe1 Nd7 23. Bc1 Qf6 24. Qb3 h6 25. Bc4 Rf8 26. Kh1 Qg6 27. Nd2 Nf6 28. f3 Qh5
29. Qc3 d5 30. exd5 Bd6 31. f4 Nxd5 32. Bxd5 Bxd5 33. Ne4 Bc7 34. Bb2 f6 35. Ng3
Qh3 36. Qc2 Ra2 37. Kg1 Qxg2+ 38. Qxg2 Bxg2 39. Rf2 Bh3 40. f5 Bxg3 41. hxg3 Bxf5
42. Re7 Rf7 43. Re8+ Kh7 44. Rb8 Be4 45. Rxb6 Rd7 46. Re2 Rd1+ 47. Kf2 Bd3 48.
Ra6 Bxe2 49. Rxa2 Bc4 0-1

[Event "Druzynowe Mistrzostwa Polski II Liga"]
[Site "Szklarska Poreba"]
[Date "1899-12-30"]
[Round "4.85"]
[White "Daniluk, Jerzy"]
[Black "Grochowalski, Pawel"]
[Result "1/2-1/2"]
[WhiteTitle "k"]
[BlackTitle "k+"]
[WhiteElo "2088"]
[BlackElo "2134"]

1. d4 Nf6 2. Nf3 e6 3. e3 b6 4. Bd3 Bb7 5. Nbd2 Be7 6. O-O c5 7. b3 O-O 8. Bb2
d5 9. Ne5 Nc6 10. Nxc6 Bxc6 11. Nf3 Bb7 12. Ne5 Nd7 13. Nxd7 Qxd7 14. dxc5 Bxc5
15. Qh5 f5 16. Rad1 Rfd8 17. e4 g6 18. Qe2 Bf8 19. exf5 exf5 20. Qe5 Bg7 21. Qxg7+
Qxg7 22. Bxg7 Kxg7 23. Rfe1 Kf6 24. f4 Re8 25. Bb5 Rxe1+ 26. Rxe1 Rc8 27. Bd3
Bc6 28. Kf2 h6 29. Re5 Re8 30. Rxe8 Bxe8 31. Ke3 Ke6 32. Kd4 Kd6 33. Be2 Bd7 34.
Bf3 Be6 35. h3 h5 36. h4 Bf7 37. g3 Be6 38. Bg2 Bf7 39. Bf1 Be8 40. Be2 Bd7 41.
Bf3 Be6 42. b4 b5 1/2-1/2

[Event "Druzynowe Mistrzostwa Polski II Liga"]
[Site "Szklarska Poreba"]
[Date "1899-12-30"]
[Round "4.86"]
[White "Baumann, Dariusz"]
[Black "Lisowski, Krzysztof"]
[Result "1-0"]
[WhiteTitle "k"]
[BlackTitle "k"]
[WhiteElo "2067"]
[BlackElo "2043"]

1. d4 d5 2. c4 c6 3. Nf3 Nf6 4. e3 e6 5. b3 Bb4+ 6. Nbd2 c5 7. a3 Bc3 8. Rb1 cxd4
9. exd4 dxc4 10. Bxc4 Nc6 11. O-O Nxd4 12. Nxd4 Bxd4 13. Nf3 Bc5 14. Qc2 Qe7 15.
Bg5 O-O 16. Rfe1 b6 17. Ne5 h6 18. Bh4 g5 19. Bg3 Bb7 20. Nxf7 Kxf7 21. b4 Bd6
22. Rxe6 Qxe6 23. Bxe6+ Kxe6 24. Re1+ Kd7 25. Qf5+ Kc7 26. Re7+ Kd8 27. Bxd6 Rc8
28. h3 Rc1+ 29. Kh2 Bc8 30. Qe5 Ne8 31. Rxa7 1-0

[Event "Druzynowe Mistrzostwa Polski II Liga"]
[Site "Szklarska Poreba"]
[Date "1899-12-30"]
[Round "4.88"]
[White "Cichocki, Konrad"]
[Black "Jedra, Waldemar"]
[Result "0-1"]
[WhiteTitle "I+"]
[BlackTitle "I"]
[WhiteElo "1864"]
[BlackElo "2020"]

1. c4 Nf6 2. Nc3 e6 3. Nf3 Bb4 4. g3 b6 5. Bg2 Bb7 6. O-O Bxc3 7. bxc3 O-O 8. d4
d6 9. a4 Nc6 10. Ba3 Re8 11. c5 bxc5 12. dxc5 d5 13. Nd4 Na5 14. Bb4 c6 15. Bxa5
Qxa5 16. Qb3 Rab8 17. Qb4 Qc7 18. Qa3 g6 19. Rfb1 e5 20. Nf3 Ba6 21. e3 Bd3 22.
Rb4 a5 23. Rb6 Rxb6 24. cxb6 Qxb6 25. Bf1 Bxf1 26. Rxf1 c5 27. Nd2 c4 28. Rb1
Qc7 29. Rb5 Rc8 30. Qb2 d4 31. Nf3 dxe3 32. fxe3 Ng4 33. Qe2 Rd8 34. Kg2 Rd3 35.
e4 Rxc3 36. Qb2 Rc2+ 0-1

[Event "Druzynowe Mistrzostwa Polski II Liga"]
[Site "Szklarska Poreba"]
[Date "1899-12-30"]
[Round "4.89"]
[White "Kupryjaniuk, Tomasz"]
[Black "Augustowski, Janusz"]
[Result "1-0"]
[WhiteTitle "I"]
[BlackTitle "I"]
[WhiteElo "1844"]
[BlackElo "1804"]

1. e4 c5 2. c3 d5 3. exd5 Qxd5 4. d4 Nf6 5. dxc5 Qxc5 6. Na3 a6 7. Nc4 Nbd7 8.
Nf3 b5 9. Ne3 Bb7 10. Be2 g6 11. a4 Bg7 12. axb5 axb5 13. Rxa8+ Bxa8 14. Qb3 b4
15. Qxb4 Qxb4 16. cxb4 O-O 17. Bd3 Ne4 18. Nd2 Nxd2 19. Kxd2 Ne5 20. Ba6 Rb8 21.
b5 Bh6 22. Kc3 e6 23. Rd1 Bg7 24. Kb3 Nc6 25. Nc2 Na5+ 26. Kb4 Nc6+ 27. Ka4 Ne7
28. f3 Nd5 29. Ne3 Nb6+ 30. Ka3 h5 31. b3 Bf8+ 32. Ka2 Bc5 33. Kb2 h4 34. h3 Kf8
35. Nc4 Nd5 36. Ne5 Ke8 37. Nc6 Rb6 38. Na5 f6 39. Nc4 Rb8 40. Re1 Kd7 41. Bd2
e5 42. Be3 Nxe3 43. Nxe3 Bd4+ 44. Ka3 Ke6 45. Nc2 Bc5+ 46. b4 Bf2 47. Re2 Bb6
48. Rd2 Bd5 49. Na1 Rd8 50. Rc2 Kf5 51. Nb3 Be6 52. Nc5 Bf7 53. Bb7 Rd1 54. Bc8+
Kf4 55. Kb2 f5 56. Kc3 Kg3 57. Bb7 Rg1 58. Re2 Rxg2 59. Rxe5 Kxh3 60. Re7 Ba2
61. Nd7 Bf2 62. Bc6 Bb1 63. f4 Rg1 64. Kd2 Bd4 65. b6 Rf1 66. Nc5 Rf2+ 67. Ke1
Rb2 68. b7 Rxb4 69. Na6 Rb2 70. b8=Q Rxb8 71. Nxb8 Kg4 72. Re6 Kxf4 73. Rxg6 Bc3+
74. Ke2 Ba2 75. Kf2 h3 76. Kg1 Bf7 77. Rh6 Kg4 78. Nd7 Bd4+ 79. Kh2 Be3 80. Ne5+
1-0

[Event "Druzynowe Mistrzostwa Polski II Liga"]
[Site "Szklarska Poreba"]
[Date "1899-12-30"]
[Round "4.90"]
[White "Cichocka, Katarzyna"]
[Black "Wierzbowska, Aleksandra"]
[Result "1-0"]
[WhiteTitle "I++"]
[BlackTitle "I+"]
[WhiteElo "1608"]
[BlackElo "1694"]

1. e4 c5 2. Nc3 Nc6 3. Nf3 g6 4. d4 cxd4 5. Nxd4 Bg7 6. Be3 a6 7. Qd2 e6 8. O-O-O
Nge7 9. h4 h5 10. Kb1 Qc7 11. f3 Ne5 12. Bf4 Qa5 13. Nb3 Qd8 14. Bxe5 Bxe5 15.
f4 Bg7 16. e5 Nf5 17. Qf2 Bf8 18. Ne4 Be7 19. g3 Rb8 20. Bh3 b5 21. Bxf5 gxf5
22. Nd6+ Kf8 23. Qa7 Bxd6 24. Rxd6 Bb7 25. Rhd1 Ke8 26. Rxd7 Qxd7 27. Rxd7 Kxd7
28. Nc5+ Kc6 29. Nxb7 Rxb7 30. Qxa6+ Rb6 31. Qa3 b4 32. Qf3+ Kc7 33. c3 bxc3 34.
Qxc3+ Kd7 35. Qd4+ Kc7 36. Qc5+ Kb7 37. Qe7+ Ka6 38. Qxf7 Rhb8 39. b3 Rc6 40.
Qxh5 Rbc8 41. Qe2+ Kb6 42. Qd2 Rc3 43. Kb2 R3c6 44. a4 R8c7 45. Qd3 1-0

[Event "Druzynowe Mistrzostwa Polski II Liga"]
[Site "Szklarska Poreba"]
[Date "1899-12-30"]
[Round "4.91"]
[White "Maciejewski, Waldemar"]
[Black "Buraczewski, Rafal"]
[Result "1/2-1/2"]
[WhiteTitle "k"]
[BlackTitle "k"]
[WhiteElo "2107"]
[BlackElo "2220"]

1. c4 e5 2. Nc3 Nf6 3. g3 d5 4. cxd5 Nxd5 5. Bg2 Nb6 6. Nf3 Nc6 7. O-O Be7 8. d3
O-O 9. Be3 Be6 10. d4 exd4 11. Nxd4 Nxd4 12. Bxd4 c6 13. Ne4 Bd5 14. Bc5 Bxe4
15. Qxd8 Rfxd8 16. Bxe7 Bxg2 17. Bxd8 Bxf1 18. Bxb6 Bxe2 19. Bd4 Bc4 20. Re1 b6
21. a3 Kf8 22. f3 Rd8 23. Bc3 f6 24. Kf2 Kf7 25. Re4 Bd5 26. Re2 c5 27. Rd2 Ke6
28. g4 a5 29. Re2+ Kd6 30. g5 fxg5 31. Bxg7 Rd7 32. Bf8+ Kc6 33. Re7 Rxe7 34.
Bxe7 h6 35. Bf8 h5 36. Be7 g4 37. fxg4 hxg4 38. Ke3 Kb5 39. Bd8 Ka6 40. Be7 Kb5
41. Bd8 Ka6 42. Ke4 1/2-1/2

[Event "Druzynowe Mistrzostwa Polski II Liga"]
[Site "Szklarska Poreba"]
[Date "1899-12-30"]
[Round "4.92"]
[White "Mickiewicz, Piotr"]
[Black "Koszkul, Wojciech"]
[Result "1-0"]
[WhiteTitle "m"]
[BlackTitle "I++"]
[WhiteElo "2295"]
[BlackElo "2058"]

1. e4 c6 2. Nc3 d5 3. Nf3 Bg4 4. h3 Bxf3 5. Qxf3 e6 6. g3 Nf6 7. d3 Be7 8. Bg2
O-O 9. O-O Na6 10. Qe2 Qb6 11. Kh2 Rad8 12. e5 Nd7 13. f4 c5 14. f5 Nc7 15. f6
gxf6 16. exf6 Bxf6 17. Rxf6 Nxf6 18. Bh6 Qd6 19. Qe3 Kh8 20. Bf4 Qe7 21. Qe5 Nce8
22. Nxd5 Rxd5 23. Bxd5 Ng7 24. Bxb7 Ng4+ 25. hxg4 Qxb7 26. Qf6 Qf3 27. g5 Kg8
28. Be5 Qxf6 29. gxf6 Nf5 30. Re1 Rd8 31. Re4 h5 32. Kg2 Rd5 33. Kf2 Kh7 34. Ke2
Kg6 35. c4 Rd7 36. g4 Nd4+ 37. Bxd4 cxd4 38. gxh5+ Kxh5 39. Rf4 Kg5 40. Rf1 Rd6
41. b4 Ra6 42. Kf3 Kf5 43. Rh1 Kxf6 44. Ke4 Rxa2 45. b5 a6 46. b6 Rb2 47. c5 Rb4
48. Rh8 a5 49. c6 Ke7 50. c7 f5+ 51. Kf4 Rxb6 52. c8=Q 1-0

[Event "Druzynowe Mistrzostwa Polski II Liga"]
[Site "Szklarska Poreba"]
[Date "1899-12-30"]
[Round "4.93"]
[White "Lipien, Wieslaw"]
[Black "Pazderski, Ziemowit"]
[Result "1/2-1/2"]
[WhiteTitle "I++"]
[BlackTitle "k+"]
[WhiteElo "2030"]
[BlackElo "2266"]

1. e4 g6 2. d4 Bg7 3. Nc3 d6 4. Be3 Nf6 5. f3 a6 6. Qd2 h6 7. a4 c6 8. a5 Nbd7
9. Bc4 Qc7 10. Bb3 c5 11. Nge2 cxd4 12. Nxd4 Ne5 13. Na4 Nfd7 14. Nb6 Rb8 15.
O-O Nxb6 16. axb6 Qd8 17. h3 Nd7 18. Qb4 O-O 19. Bxf7+ Rxf7 20. Ne6 Qe8 21. Nc7
Qd8 22. Ne6 Qe8 23. Nc7 Qd8 24. Ne6 1/2-1/2

[Event "Druzynowe Mistrzostwa Polski II Liga"]
[Site "Szklarska Poreba"]
[Date "1899-12-30"]
[Round "4.94"]
[White "Maciaga, Marcin"]
[Black "Kmiecik, Wojciech"]
[Result "1/2-1/2"]
[WhiteTitle "k+"]
[BlackTitle "I+"]
[WhiteElo "2090"]
[BlackElo "1984"]

1. Nf3 Nf6 2. c4 e6 3. g3 b6 4. Bg2 Bb7 5. O-O Be7 6. d4 O-O 7. Nc3 Na6 8. Bf4
Ne4 9. Rc1 Nxc3 10. Rxc3 Bf6 11. Be5 d6 12. Bxf6 Qxf6 13. Qa4 Rfc8 14. e4 c5 15.
d5 exd5 16. exd5 Nc7 17. Qc2 b5 18. b3 Re8 19. h4 Bc8 20. Qd2 Bf5 21. Re1 Rxe1+
22. Qxe1 Re8 23. Re3 Rxe3 24. Qxe3 Kf8 25. Qf4 bxc4 26. bxc4 Ne8 27. a3 Bc2 28.
Qe3 Qb2 29. Bh3 Qb1+ 30. Kh2 Be4 31. Ne1 Nf6 32. f3 Bf5 33. g4 Qb2+ 34. Kg1 Bc8
35. Qf4 Ne8 36. Qe3 Nf6 37. Bf1 Nd7 38. Qf4 Qe5 39. Qd2 Qg3+ 40. Bg2 Qxh4 41.
Nd3 Nb6 42. Qf4 Qe7 43. Bf1 f6 44. Qc1 g5 45. Nf2 Qe5 46. Kg2 h6 47. Bd3 f5 48.
Qh1 Kg7 49. Qh5 Qf6 50. Qe8 fxg4 51. fxg4 Bd7 52. Qe4 Kf8 53. Qh7 Qg7 54. Qe4
Qf6 55. Qe1 Qd4 56. Qa5 Ke7 57. Qe1+ Kf7 58. Qe2 Qf4 59. Qf1 Ke7 60. Qe1+ Kd8
61. Qe2 Kc8 62. Bf5 Qxc4 63. Bd3 Qxd5+ 64. Be4 Qc4 65. Qf3 Kc7 66. Nd3 d5 67.
Bf5 Qd4 68. Qg3+ Kb7 69. Qd6 Bxf5 70. Nxc5+ Kc8 71. Qf8+ Kc7 72. gxf5 Kc6 73.
Ne6 Qe4+ 74. Kg1 Qe1+ 75. Kg2 Qe2+ 76. Kg1 Qe3+ 77. Kg2 Qe4+ 78. Kg1 Qg4+ 79.
Kh2 Qe2+ 80. Kg1 Qe3+ 81. Kg2 Qe4+ 82. Kg1 Qe1+ 1/2-1/2

[Event "Druzynowe Mistrzostwa Polski II Liga"]
[Site "Szklarska Poreba"]
[Date "1899-12-30"]
[Round "4.95"]
[White "Kmiecik, Emilia"]
[Black "Kowalec, Maciej"]
[Result "0-1"]
[WhiteTitle "I+"]
[BlackTitle "k"]
[WhiteElo "1786"]
[BlackElo "2083"]

1. d4 e6 2. c4 b6 3. Nc3 Bb7 4. Nf3 Bb4 5. a3 Bxc3+ 6. bxc3 f5 7. Bg5 Nf6 8. e3
O-O 9. Bd3 h6 10. Bf4 d6 11. h4 Qe8 12. Qb3 Nc6 13. Bg3 Na5 14. Qb5 Ne4 15. Bxe4
Bxe4 16. Rd1 Bc6 17. Qb4 Ba4 18. O-O Bxd1 19. Rxd1 Qc6 20. Nd2 Nb7 21. Qb3 Rae8
22. f3 Kh8 23. Qc2 Na5 24. Qa2 Qa4 25. Rc1 e5 26. Kh2 exd4 27. exd4 f4 28. Be1
Re2 29. Qb1 Qxa3 30. Qd3 Rfe8 31. Ne4 R2xe4 32. fxe4 Qxc1 33. Bd2 Qd1 34. e5 Qg4
35. Qe4 dxe5 36. dxe5 Qg3+ 37. Kg1 f3 38. Qxf3 Qxf3 39. gxf3 Nxc4 40. Bc1 Rxe5
41. f4 Re1+ 42. Kf2 Rxc1 43. f5 a5 44. f6 gxf6 45. Ke2 a4 46. h5 a3 47. Kd3 a2
48. Kd4 a1=Q 49. Kd5 Qa5+ 50. Kc6 Qc5+ 51. Kb7 Nd6+ 52. Kb8 Qc6 53. c4 Qb7# 0-1

[Event "Druzynowe Mistrzostwa Polski II Liga"]
[Site "Szklarska Poreba"]
[Date "1899-12-30"]
[Round "4.96"]
[White "Andrejczuk, Beata"]
[Black "Sandor, Aleksandra"]
[Result "1/2-1/2"]
[WhiteTitle "WFM"]
[BlackTitle "I++"]
[WhiteElo "2088"]
[BlackElo "1905"]

1. e4 g6 2. d4 c6 3. Bc4 d5 4. exd5 cxd5 5. Bd3 Nc6 6. c3 Bg7 7. Bf4 Nf6 8. h3
O-O 9. Nf3 a6 10. a4 Nd7 11. O-O e5 12. dxe5 Ndxe5 13. Nxe5 Nxe5 14. Bxe5 Bxe5
15. Nd2 Bc7 16. Nf3 Qd6 17. Qd2 Kg7 18. Rfd1 Be6 19. Bf1 Rad8 20. Qd4+ f6 21.
a5 Rfe8 22. Re1 Bf5 23. Bd3 Rxe1+ 24. Rxe1 Bc8 25. Qa4 Bd7 26. Qa1 Bc8 27. Qa4
Bd7 28. Qa1 Bc8 29. Qa4 Bd7 30. Qa1 1/2-1/2

[Event "Druzynowe Mistrzostwa Polski II Liga"]
[Site "Szklarska Poreba"]
[Date "1899-12-30"]
[Round "4.98"]
[White "Wisniewski, Przemyslaw"]
[Black "Ziemniak, Piotr"]
[Result "1/2-1/2"]
[WhiteTitle "k"]
[BlackTitle "I"]
[WhiteElo "2010"]
[BlackElo "1801"]

1. e4 c5 2. Nf3 d6 3. c3 Nf6 4. d3 g6 5. Be2 Bg7 6. O-O Nc6 7. Nbd2 O-O 8. a3 b5
9. d4 a6 10. d5 Ne5 11. Nxe5 dxe5 12. b3 Qc7 13. Qc2 Bd7 14. Bb2 Rfc8 15. c4 h5
16. Bc3 Ne8 17. Qb2 f6 18. Qc2 Nd6 19. Rac1 Bh6 20. Rce1 Rab8 21. Bd3 Rb7 22.
Qd1 Bg4 23. f3 Bd7 24. Qe2 Rcb8 25. Rb1 Kf7 26. g4 hxg4 27. fxg4 Kg7 28. h4 Bxd2
29. Bxd2 bxc4 30. bxc4 Rxb1 31. Bxb1 Qc8 32. Bd3 1/2-1/2

[Event "Druzynowe Mistrzostwa Polski II Liga"]
[Site "Szklarska Poreba"]
[Date "1899-12-30"]
[Round "4.99"]
[White "Wozniak, Grzegorz"]
[Black "Rak, Tomasz"]
[Result "0-1"]
[WhiteTitle "I"]
[BlackTitle "k"]
[WhiteElo "1694"]
[BlackElo "2051"]

1. d4 Nf6 2. Nf3 d5 3. e3 Bf5 4. Bd3 Bg6 5. Ne5 Nbd7 6. Nd2 e6 7. Nxg6 hxg6 8.
e4 c5 9. exd5 exd5 10. Qe2+ Be7 11. dxc5 Nxc5 12. Bb5+ Kf8 13. O-O Bd6 14. g3
Qc8 15. f3 a6 16. Bd3 Nxd3 17. cxd3 Qc2 18. d4 Re8 19. Qd1 Qf5 20. Re1 Rxe1+ 21.
Qxe1 Qd3 22. Qf2 g5 23. Nf1 g4 24. Be3 Rh5 25. Rc1 Kg8 26. Qc2 Qxc2 27. Rxc2 gxf3
28. Kf2 Rf5 29. h3 Ne4+ 30. Kg1 Bxg3 31. Nxg3 Nxg3 32. Bf2 Ne4 33. h4 Rf6 34.
Rc8+ Kh7 35. Rd8 Rc6 36. Be3 Rg6+ 37. Kf1 f2 38. Ke2 Rf6 39. Bxf2 Rxf2+ 40. Ke3
Rxb2 41. Rxd5 Nf6 42. Ra5 Kh6 43. d5 Rb5 44. Rxb5 axb5 45. Kd4 Nd7 0-1

[Event "Druzynowe Mistrzostwa Polski II Liga"]
[Site "Szklarska Poreba"]
[Date "1899-12-30"]
[Round "4.100"]
[White "Budnik, Mateusz"]
[Black "Nowakowski, Jacek"]
[Result "1-0"]
[WhiteTitle "I++"]
[BlackTitle "II+"]
[WhiteElo "1935"]
[BlackElo "1583"]

1. e4 d6 2. d4 c5 3. dxc5 Qa5+ 4. Nc3 Qxc5 5. Be3 Qa5 6. Qd2 Nc6 7. Nf3 Nf6 8.
h3 Bd7 9. O-O-O Rc8 10. Kb1 e6 11. g4 h6 12. Rg1 Ne5 13. Nxe5 Qxe5 14. f4 Qa5
15. g5 hxg5 16. Rxg5 e5 17. fxe5 dxe5 18. Bb5 Bxb5 19. Rxe5+ Be7 20. Rxe7+ Kxe7
21. Nd5+ Nxd5 22. Qxa5 Nxe3 23. Qa3+ Ke8 24. Qxe3 a6 25. Qd4 Rxh3 26. Qxg7 Rc6
27. Qe5+ Re6 28. Qb8+ Ke7 29. Qd8# 1-0

[Event "Druzynowe Mistrzostwa Polski II Liga"]
[Site "Szklarska Poreba"]
[Date "1899-12-30"]
[Round "4.101"]
[White "Augustyn, Jan"]
[Black "Zebracki, Jaroslaw"]
[Result "1-0"]
[WhiteTitle "II"]
[BlackTitle "I"]
[WhiteElo "1728"]
[BlackElo "1868"]

1. c4 c5 2. Nc3 Nc6 3. Nf3 g6 4. g3 Bg7 5. Bg2 e6 6. e4 Nge7 7. O-O O-O 8. Re1
d6 9. d3 a6 10. Be3 e5 11. Qd2 Rb8 12. a4 Na5 13. Ra3 Be6 14. Ng5 Nec6 15. Nxe6
fxe6 16. Bh3 Qe7 17. Ne2 Rbd8 18. Rf1 b6 19. Qc1 Nb4 20. Bd2 Nac6 21. f3 d5 22.
cxd5 exd5 23. exd5 Rxd5 24. f4 Kh8 25. Qc4 Rfd8 26. fxe5 Nxe5 27. Qe4 Rxd3 28.
Rxd3 Rxd3 29. Bc3 Rd8 30. Nf4 Re8 31. Ne6 Nbc6 32. Rd1 Nd4 33. Nxd4 cxd4 34. Rxd4
Nf7 35. Qxe7 Rxe7 36. Rd3 Bxc3 37. Rxc3 Re1+ 38. Kf2 Re4 39. b3 Ng5 40. Bg2 Rb4
41. Ke3 Kg7 42. Bb7 a5 43. Bd5 b5 44. h4 Nh3 45. axb5 Rxb5 46. Bg2 g5 47. Bxh3
gxh4 48. g4 Kf6 49. Kd4 Rb4+ 50. Kd3 a4 51. bxa4 Rxa4 52. Ke3 Kg5 53. Rd3 Rb4
54. Kf2 Rf4+ 55. Kg2 Ra4 56. Rf3 Rf4 57. Re3 h6 58. Re5+ Kg6 59. Rh5 Ra4 60. Rxh4
Ra2+ 61. Kg3 Ra3+ 62. Kh2 Ra2+ 63. Bg2 Kg5 64. Rh5+ Kxg4 65. Rxh6 Rb2 66. Rg6+
Kf5 67. Rg3 Kf4 68. Kh3 Rb8 69. Rg4+ Ke5 70. Bf3 Rd8 71. Kg3 Rd4 72. Rg5+ Kf6
73. Rc5 Rb4 74. Kf2 Rb2+ 75. Ke3 Rb3+ 76. Kf4 Rb4+ 77. Be4 Rb6 78. Rg5 Rb4 79.
Rg6+ Kf7 80. Rc6 Kg7 81. Ke5 Rb5+ 82. Bd5 Rb2 83. Rd6 Re2+ 84. Be4 Re1 85. Rd7+
Kh8 86. Kf5 1-0

[Event "Druzynowe Mistrzostwa Polski II Liga"]
[Site "Szklarska Poreba"]
[Date "1899-12-30"]
[Round "4.102"]
[White "Borkowska, Zuzanna"]
[Black "Polak, Sylwia"]
[Result "1/2-1/2"]
[WhiteTitle "I"]
[BlackTitle "I"]
[WhiteElo "1634"]
[BlackElo "1371"]

1. e4 c5 2. Nf3 e6 3. d3 a6 4. a4 Qc7 5. g3 d6 6. Bg2 Nf6 7. O-O Be7 8. Re1 Nbd7
9. Nbd2 O-O 10. Nc4 e5 11. Nh4 g6 12. f4 Rb8 13. a5 b5 14. axb6 Nxb6 15. fxe5
dxe5 16. Nxb6 Qxb6 17. c4 Rd8 18. Qc2 Qb3 19. Qxb3 Rxb3 20. Bf1 Nd7 21. Ng2 Nb8
22. Ne3 Nc6 23. Nd5 Bd6 24. Ra3 Rb8 25. Re2 Nd4 26. Rf2 Kg7 27. Bg5 Rf8 28. Bf6+
Kh6 29. Be7 Bxe7 30. Nxe7 Bb7 31. Rf6 Rbe8 32. Nd5 Re6 33. Bh3 Bxd5 34. Bxe6 Bxe6
35. Rxa6 Rb8 36. Rf2 Kg7 37. Kf1 Nc6 1/2-1/2